Electronic Noses for Biomedical Applications and Environmental Monitoring (Record no. 11735)

MARC details
000 -LEADER
fixed length control field 01064nam a2200121Ia 4500
008 - FIXED-LENGTH DATA ELEMENTS--GENERAL INFORMATION
fixed length control field 220615s9999||||xx |||||||||||||| ||und||
245 #0 - TITLE STATEMENT
Title Electronic Noses for Biomedical Applications and Environmental Monitoring
546 ## - LANGUAGE NOTE
Language note English[eng]
650 ## - SUBJECT ADDED ENTRY--TOPICAL TERM
Topical term or geographic name entry element chemical sensors||eNose||environmental monitoring||seawater||sensors||volatile organic compounds||gas sensors||volatile organic compounds (VOCs)||acetone||metal oxides||heterojunctions||electronic nose||biosensor||diabetes||FOX 4000||FAIMS||urine sample||non-invasive diagnosis||medical application||gas sensor||SAW||surface acoustic wave||Love wave||breath||VOC||ZIF||Zeolite||Campylobacter jejuni||VOCs||GC-MS SPME||nanowire sensors||PCA||nanofibres||tin oxide||NO2||pollution||electrospinning||low detection temperature||biomarkers||diseases||digestive system||respiratory system||air quality||technical standards||quality protocols||emission monitoring||sensor arrays||performance testing||minimum requirements
700 ## - ADDED ENTRY--PERSONAL NAME
Personal name Lozano, Jesus
856 ## - ELECTRONIC LOCATION AND ACCESS
Uniform Resource Identifier <a href="https://mdpi.com/books/pdfview/book/3350">https://mdpi.com/books/pdfview/book/3350</a>
942 ## - ADDED ENTRY ELEMENTS (KOHA)
Koha item type E-Books
Holdings
Withdrawn status Lost status Damaged status Not for loan Home library Current library Date acquired Total Checkouts Date last seen Price effective from Koha item type
        Kerala University of Digital Sciences, Innovation and Technology Knowledge Centre Kerala University of Digital Sciences, Innovation and Technology Knowledge Centre 15/06/2022   15/06/2022 15/06/2022 E-Books